000 00608nam a2200193Ia 4500
003 GCL
008 140319s9999 xx 000 0 ara d
040 _aGCL /
_cGCL
082 0 4 _a378.107
_bم ت
100 1 _aمحمد نبيل نوفل
245 1 0 _aتاملات فى مستقبل التعليم العالى /
_cمحمد نبيل نوفل
260 _a[S.N] :
_bدار سعاد الصباح ،
_c1992
300 _a146 ص
490 _aدراسات
_v0
650 0 4 _aالتعليم العالى
650 0 4 _aالتعليم الجامعى
650 0 4 _aالدول العربية
942 _2ddc
_cBK
999 _c46036
_d46036